Ryde on rating: the law and practice (Record no. 86908)

MARC details
000 -LEADER
fixed length control field 00471cam a2200205 4500
001 - CONTROL NUMBER
control field D13802
008 - FIXED-LENGTH DATA ELEMENTS--GENERAL INFORMATION
fixed length control field 090401t1963 xxu||||| |||| 00| 0 eng d
035 ## - SYSTEM CONTROL NUMBER
System control number (Sirsi) u11759
041 ## - LANGUAGE CODE
Language code of text/sound track or separate title eng
100 ## - MAIN ENTRY--PERSONAL NAME
Personal name Ryde, Walter C
245 ## - TITLE STATEMENT
Title Ryde on rating: the law and practice
250 ## - EDITION STATEMENT
Edition statement 11th
260 ## - PUBLICATION, DISTRIBUTION, ETC.
Name of publisher, distributor, etc. Butterworth & Shaw
Date of publication, distribution, etc. 1963
300 ## - PHYSICAL DESCRIPTION
Extent 1486p
350 ## - PRICE (NR) (BK AM CF MU VM SE) [OBSOLETE]
Price 0
520 ## - SUMMARY, ETC.
Summary, etc. Shelf 134
700 ## - ADDED ENTRY--PERSONAL NAME
Personal name Williams, H.B et al
942 ## - ADDED ENTRY ELEMENTS (KOHA)
Suppress in OPAC 0
948 ## - LOCAL PROCESSING INFORMATION (OCLC); SERIES PART DESIGNATOR (RLIN)
c (OCLC) 04/03/1997
Holdings
Withdrawn status Lost status Source of classification or shelving scheme Damaged status Not for loan Home library Current library Shelving location Date acquired Total Checkouts Full call number Barcode Date last seen Copy number Price effective from Koha item type
    Other/Generic Classification Scheme     London London Basement 14/09/1999   SHELF 134 30022345 06/08/2019 1 06/08/2019 Reference material